Identify the flags! - Statistics

General Stats
  • This quiz has been taken 27 times
  • The average score is 5 of 7
Answer Stats
Picture Answer % Correct
Canada
100%
Albania
88%
Niger
64%
Antigua and Barbuda
60%
Indonesia
60%
Seychelles
52%
Kiribati
48%
No matching quizzes found
Score Distribution
Percent of People with Each Score
Percentile by Number Answered
Your Score History
You have not taken this quiz